000 00431nam a22001817a 4500
003 MPLRDC
005 20220104123651.0
008 210129b ||||| |||| 00| 0 eng d
082 _a420 TLL c.2
100 _a田玲玲
245 _a精打细算
_c
250 _a初版
260 _a
_b星光出版社
_c1980
300 _b
490 _a双子星丛书. 122
650 _a家事;家政总论
942 _cBK
_o420 TLL c.2
999 _c13232
_d13222